Países más cercanos a Costa Rica - Estadísticas

Estadísticas generales
  • Esta prueba ha sido intentada 69 veces
  • La puntuación promedio es 18 de 20
Estadísticas de respuestas
Distance (km) Distance (mi) Country % Correcto
274 170 Colombia
98%
749 466 México
98%
0 0 Nicaragua
98%
0 0 Panamá
98%
629 391 Belice
97%
1,010 627 Venezuela
97%
312 195 El Salvador
95%
1,180 / 1,900 773 / 1,181 Estados Unidos / Isla de Navaza / Puerto Rico
95%
535 332 Guatemala
95%
249 155 Honduras
95%
653 406 Ecuador
92%
1,470 913 República Dominicana
92%
1,288 800 Haití
90%
1,174 730 Cuba
89%
1,608 999 Brasil
84%
998 620 Jamaica
84%
1,212 753 Perú
84%
1,517 943 Bahamas
80%
954 593 Reino Unido / Islas Caimán
59%
1,404 872 Países Bajos / Aruba
56%
No se encontraron pruebas coincidentes
Distribución de puntuación
Porcentaje de gente con cada puntuación
Porcentaje por número respondido
Historial de tus puntuaciones
No has intentado esta prueba.